000 01380nam a22003857a 4500
003 CHAP
005 20220329143615.0
008 100903s2000 mx a r 00010 spa d
010 _a99186
011 _a100158
020 _a9701847814
035 _a110844
040 _cCHAP
082 1 4 _a350.2
_bM98
245 0 0 _aCatálogos básicos de programación y organización del sector educación, ciencia y tecnología, cultura y deporte, 2000
_c/por Dirección General de Planeación, Programación y Presupuesto de la Secretaría de Educació Pública
260 _aMéxico, D. F. :
_bSecretaría de Educación Pública,
_c2000
300 _a154 p. :
_bilus.
590 _aBATCH-UPD
_b10
_c20130110
_lUCH01
_h0932
590 _aBATCH-UPD
_b10
_c20130410
_lUCH01
_h0551
590 _aBATCH-UPD
_b10
_c20130914
_lUCH01
_h0933
590 _aCONVERSION
_b10
_c20130109
_lUCH01
_h1355
650 1 4 _aAdministracion publica.
_9934
650 1 4 _aCiencia.
_923107
650 1 4 _aCultura.
_930401
650 1 4 _aDeportes.
_931849
650 1 4 _aEducación.
_935409
650 1 4 _aPlaneación.
_988697
650 1 4 _aPresupuesto por programa.
_991547
650 1 4 _aTecnología.
_9111937
710 0 _aMéxico. Secretaría de Educación Pública.
_977166
901 _aBK
911 _aen proceso
942 _cLIBRO
949 _a350.2 M98
_bBC
_cLIBRO
_d33724002111975
_eLIBRO
_h113399
_i110844
_sb
999 _c99186
_d99186